'Baby' Things Quiz Stats

 Plays Quiz Updated Nov 4, 2018

Score 0/16 Timer 05:00
1 Play Today
Hint Answer % Correct
Someone born during the demographic Post-World War II birth periodBaby Boomer
90.3%
Vanilla Ice's 1990 hit songIce Ice Baby
88%
The smallest form of a grand pianoBaby Grand
85.4%
1992 hip hop song by Sir Mix-a-LotBaby Got Back
82.3%
1998 debut pop song from Britney Spears ...Baby One More Time
80.1%
Emma Bunton from a UK pop music girl group was more commonly known as...Baby Spice
78.6%
Nestlé owned candy made of chocolate-covered peanuts, caramel, and nougatBaby Ruth
78.1%
Complete this line from Dirty Dancing: 'Nobody puts...'Baby in a corner
72.5%
Hint Answer % Correct
The biggest box office hit of 1987 with Ted Danson, Tom Selleck, and Steve Guttenberg3 Men and a Baby
64.4%
Moniker for 1930s bank robber Lester Joseph GillisBaby Face Nelson
50.4%
1968 Roman Polanski bizarre horror filmRosemary's Baby
30.3%
Nickname for the resulting companies from the 1984 Justice Department antitrust suit against AT&T Corp.Baby Bells
26.1%
2007 Ben Affleck directed dramaGone Baby Gone
25.9%
U2's 7th studio albumAchtung Baby
23.8%
Series of children's books, written by Ann M. MartinThe Baby-sitters Club
20.4%
Toni Morrison novel or the doll used to entrap Br'er RabbitTar Baby
20.4%

You're not logged in!

Compare scores with friends on all Sporcle quizzes.
OR
Log In

Sporcle TV

Today on Sporcle TV


Watch our educational content, quiz creation guides, and fun videos on Sporcle TV.

Show Comments

Extras

Top Quizzes Today


Score Distribution

Your Account Isn't Verified!

In order to create a playlist on Sporcle, you need to verify the email address you used during registration. Go to your Sporcle Settings to finish the process.

Report this User

Report this user for behavior that violates our Community Guidelines.

Details: